| 000 | 00534cam a2200217 4500 | ||
|---|---|---|---|
| 008 | 090401t1991 xxu||||| |||| 00| 0 eng d | ||
| 020 | _a185251115X | ||
| 035 | _a(Sirsi) u89106 | ||
| 041 | _aeng | ||
| 050 | _a333.33 | ||
| 100 | _aBailey, Alan | ||
| 245 | _aHow to be a property developer. | ||
| 250 | _a2nd ed. | ||
| 260 |
_aLondon _bMercury Books _c1991 |
||
| 300 | _a184p. ; 22cm. | ||
| 350 | _a14.95 | ||
| 650 | _aPROPERTY DEVELOPMENT | ||
| 690 | _aPROPERTY-PROPERTY DEVELOPMENT | ||
| 942 | _n0 | ||
| 948 | _c04/03/1997 | ||
| 999 |
_c97424 _d97424 |
||